[Event "AUTO-MASTER-2825"]
[Site "http://www.queenalice.com/game.php?id=1563884"]
[Date "2019.3.10"]
[Round "1"]
[White "rok66"]
[Black "luciano59"]
[Result "0-1"]
[WhiteElo "2320"]
[BlackElo "2274"]

1. d4 f5 2. Bg5 h6 3. Bh4 g5 4. e4 Nf6 5. e5 e6 6. exf6 Qxf6 7. Bg3 f4 8. Nf3
Nc6 9. c3 d5 10. Bb5 Bd6 11. O-O Bd7 12. Qe2 O-O-O 13. a4 h5 14. Bxc6 Bxc6 15.
Ne5 Bxe5 16. dxe5 Qg6 17. h3 fxg3 18. fxg3 Rhf8 19. b4 Rxf1+ 20. Qxf1 Qe4 21. b5
Be8 22. Nd2 Qe3+ 23. Qf2 Qxc3 24. Qe1 g4 25. Kh2 Bg6 26. Qd1 h4 27. Nf1 gxh3 28.
Kxh3 hxg3 29. Rc1 Rh8+ 0-1

[Event "AUTO-MASTER-2825"]
[Site "http://www.queenalice.com/game.php?id=1563885"]
[Date "2019.3.10"]
[Round "1"]
[White "luciano59"]
[Black "rok66"]
[Result "1-0"]
[WhiteElo "2287"]
[BlackElo "2307"]

1. e4 e5 2. Nf3 Nf6 3. Nxe5 d6 4. Nf3 Nxe4 5. d4 d5 6. Bd3 Nc6 7. O-O Be7 8. c4
Nb4 9. Be2 O-O 10. Nc3 Bf5 11. a3 Nxc3 12. bxc3 Nc6 13. Re1 Re8 14. cxd5 Qxd5
15. Be3 Bf6 16. Nd2 Qd7 17. Qb3 a6 18. Bf3 Rab8 19. Qd5 Qxd5 20. Bxd5 Ne7 21.
Bf3 c6 22. g4 Nd5 23. Bxd5 Bxg4 24. Bg2 Be7 25. Bf4 Rbc8 26. Nc4 Rcd8 27. Na5
Bc8 28. Rab1 Bxa3 29. Bc7 Rxe1+ 30. Rxe1 Rf8 31. Nc4 Bc5 32. dxc5 1-0

[Event "AUTO-MASTER-2831"]
[Site "http://www.queenalice.com/game.php?id=1565843"]
[Date "2019.3.29"]
[Round "1"]
[White "rok66"]
[Black "Regina1962"]
[Result "1-0"]
[WhiteElo "2300"]
[BlackElo "1969"]

1. d4 d5 2. Nf3 Nf6 3. e3 Bg4 4. c4 c6 5. Qb3 Qb6 6. Nc3 e6 7. Ne5 Qxb3 8. axb3
Bf5 9. Be2 Nbd7 10. f4 h6 11. O-O Be7 12. Bd2 Ne4 13. Nxe4 Bxe4 14. c5 Nxe5 15.
fxe5 O-O 16. b4 b6 17. Ra6 bxc5 18. bxc5 Rfb8 19. b4 Rc8 20. Rfa1 Rc7 21. R1a5
f6 22. b5 cxb5 23. Bxb5 Kf7 24. Be2 fxe5 25. dxe5 Bxc5 26. Bh5+ g6 27. Bg4 Bf5
28. Bf3 h5 29. h3 h4 30. Kf2 Ke7 31. Rxc5 Rxc5 32. Bb4 1-0

[Event "AUTO-MASTER-2831"]
[Site "http://www.queenalice.com/game.php?id=1565844"]
[Date "2019.3.29"]
[Round "1"]
[White "Regina1962"]
[Black "rok66"]
[Result "0-1"]
[WhiteElo "1703"]
[BlackElo "2258"]

1. d4 Nf6 2. c4 e6 3. Nc3 Bb4 4. Bd2 Nc6 5. e3 d6 6. Nf3 e5 7. d5 Ne7 8. Qc2 Bd7
9. Bd3 c6 10. e4 O-O 11. O-O Re8 12. a3 Bxc3 13. Bxc3 Ng6 14. Bd2 Rc8 15. dxc6
Bxc6 16. Rac1 d5 17. cxd5 Bxd5 18. Qxc8 Qxc8 19. Rxc8 Rxc8 20. exd5 e4 21. Bxe4
Nxe4 22. Be3 a6 23. Nd4 Nf6 24. d6 Ne5 25. Nf5 Kf8 26. h3 Nc4 27. Bc1 Rd8 28.
Rd1 Ne4 29. Bf4 b5 30. Rd4 Nc5 31. Bg3 Nxb2 32. Rd5 Ne4 33. Bf4 Nc4 34. d7 Nf6
35. Bd6+ Nxd6 36. Rxd6 g6 37. Ne3 Ke7 38. Rxa6 Nxd7 39. Nd5+ Kf8 40. Rd6 f5 41.
f4 Ke8 42. Nc7+ Ke7 43. Rd5 Nf6 44. Rxd8 Kxd8 45. Nxb5 Kd7 46. Kf2 Kc6 47. Nc3
Kc5 48. Ke3 Kc4 49. Kd2 Kb3 50. a4 Nd7 51. g4 Nc5 52. g5 Ne6 53. a5 Nc5 54. Nd5
Ka4 55. Nf6 Ne6 56. Ke3 Kxa5 57. Nxh7 Kb5 58. Nf6 Kc5 59. h4 Kd6 60. h5 gxh5 61.
Nxh5 Ke7 62. Ng3 Ng7 63. Kd4 Ke6 0-1

[Event "AUTO-MASTER-2831"]
[Site "http://www.queenalice.com/game.php?id=1565845"]
[Date "2019.3.29"]
[Round "1"]
[White "rok66"]
[Black "lfcanales"]
[Result "1-0"]
[WhiteElo "2317"]
[BlackElo "2030"]

1. d4 d5 2. Nf3 Bf5 3. Nc3 Nc6 4. e3 Nf6 5. Na4 Nb4 6. Bd3 Bg4 7. Bb5+ c6 8. Be2
Qa5 9. c3 Na6 10. O-O e6 11. Bd2 Qc7 12. Ne5 Bf5 13. c4 Bd6 14. f4 O-O 15. Nc3
Nd7 16. g4 Bg6 17. cxd5 exd5 18. Nxd7 Qxd7 19. f5 Qc7 20. Rf2 Bxf5 21. gxf5 Rae8
22. Qf1 b5 23. f6 Re6 24. Rc1 Qb7 25. Qg2 g6 26. Qh3 Kh8 27. Qh6 Rg8 28. Rf3 Bf8
29. Qh4 h5 30. Rh3 Bh6 31. Kh1 b4 32. Na4 Re4 33. Qf2 Qc8 34. Rg3 Nc7 35. Rxc6
Qd7 36. Rc1 Qxa4 37. Rxc7 Rf8 38. Bf3 Ree8 39. Bxd5 Rc8 40. Rxc8 Rxc8 41. Bxf7
Rf8 42. Bb3 Qc6+ 43. d5 Qd6 44. Rxg6 Kh7 45. Qf5 1-0

[Event "AUTO-MASTER-2831"]
[Site "http://www.queenalice.com/game.php?id=1565846"]
[Date "2019.3.29"]
[Round "1"]
[White "lfcanales"]
[Black "rok66"]
[Result "1-0"]
[WhiteElo "2044"]
[BlackElo "2294"]

1. e4 e5 2. f4 d5 3. exd5 exf4 4. Nf3 Nf6 5. c4 c6 6. dxc6 Nxc6 7. d4 Bb4+ 8.
Nc3 Ne4 9. Bd2 Nxd2 10. Qxd2 O-O 11. Be2 Re8 12. O-O Qf6 13. Rae1 Bg4 14. a3
Bxc3 15. Qxc3 Bxf3 16. Bxf3 Rab8 17. Bxc6 bxc6 18. b4 Rxe1 19. Qxe1 Qxd4+ 20.
Qf2 Qxf2+ 21. Rxf2 g5 22. Rd2 Rb7 23. c5 Kg7 24. Kf2 Re7 25. Rd6 Rc7 26. Kf3 f6
27. Kg4 Kg6 28. Kf3 h5 29. h4 Kf5 30. hxg5 fxg5 31. a4 g4+ 32. Kf2 h4 33. Rh6
Kg5 34. Rh8 Rg7 35. b5 g3+ 36. Kf3 Re7 37. Rg8+ Kf5 38. Rf8+ Kg5 39. Rxf4 cxb5
40. axb5 Re5 41. Rg4+ Kh5 42. Rc4 Rf5+ 43. Ke3 Kg5 44. c6 Rf8 45. Ra4 Rf7 46.
Ra5 Kg4 47. Ra4+ Kg5 48. Rc4 Re7+ 49. Kf3 Rf7+ 50. Ke3 Re7+ 51. Kd3 Rc7 52. Kd4
h3 53. gxh3 g2 54. Kd5 g1=Q 55. Rg4+ Qxg4 56. hxg4 1-0

[Event "AUTO-MASTER-2831"]
[Site "http://www.queenalice.com/game.php?id=1565847"]
[Date "2019.3.29"]
[Round "1"]
[White "rok66"]
[Black "Foliko"]
[Result "1-0"]
[WhiteElo "2310"]
[BlackElo "2152"]

1. d4 c6 2. Nf3 d5 3. e3 Bf5 4. c4 e6 5. Qb3 Qc7 6. Ne5 a6 7. Nd2 Nf6 8. Be2 Bd6
9. f4 O-O 10. Ndf3 Nbd7 11. O-O dxc4 12. Bxc4 Nb6 13. Be2 Nbd5 14. Ng5 Ne4 15.
Ngf3 c5 16. Nh4 Ne7 17. Bc4 b5 18. Nxf5 Nxf5 19. Bxe6 c4 20. Qc2 fxe6 21. Qxe4
Bxe5 22. Qxe5 Qxe5 23. fxe5 b4 24. Bd2 a5 25. a3 b3 26. a4 Ne7 27. e4 Nc6 28.
Bc3 Rxf1+ 29. Rxf1 Rf8 30. Rxf8+ Kxf8 31. Kf2 Nb4 32. Ke2 Ke7 33. Kd2 Kd7 34.
Bxb4 axb4 35. d5 1-0

[Event "AUTO-MASTER-2831"]
[Site "http://www.queenalice.com/game.php?id=1565848"]
[Date "2019.3.29"]
[Round "1"]
[White "Foliko"]
[Black "rok66"]
[Result "0-1"]
[WhiteElo "2164"]
[BlackElo "2302"]

1. e4 e5 2. Nf3 Nf6 3. d4 Nxe4 4. Nxe5 d5 5. Bd3 Nd7 6. Nf3 Bb4+ 7. c3 Bd6 8.
O-O O-O 9. Re1 Ndf6 10. Nbd2 Re8 11. Qc2 Bf5 12. Nh4 Bxh2+ 13. Kf1 Ng3+ 14. fxg3
Rxe1+ 15. Kxe1 Bxg3+ 16. Kf1 Bxd3+ 17. Qxd3 Bxh4 18. Nf3 Bg3 19. Bg5 h6 20. Nd2
Qd6 21. Be3 Ng4 22. Bg1 Re8 23. Nf3 Qf4 24. Rd1 Ne3+ 25. Bxe3 Rxe3 26. Qd2 g5
27. Kg1 Qe4 28. Qc1 Re2 29. Rd2 Qe3+ 30. Kh1 Bf4 31. Rd1 Qxc1 32. Rxc1 Bxc1 0-1

[Event "AUTO-MASTER-2831"]
[Site "http://www.queenalice.com/game.php?id=1581285"]
[Date "2019.8.24"]
[Round "2"]
[White "victorbush2"]
[Black "rok66"]
[Result "0-1"]
[WhiteElo "1977"]
[BlackElo "2280"]

1. d4 Nf6 2. Nc3 d5 3. Nf3 e6 4. Bg5 h6 5. Bxf6 Qxf6 6. e4 Bb4 7. Be2 dxe4 8.
Ne5 O-O 9. O-O Bxc3 10. bxc3 b6 11. Qd2 Qe7 12. Rfe1 Bb7 13. f3 exf3 14. Bxf3
Bxf3 15. Nxf3 Nd7 16. Qf4 c5 17. Rad1 Rfd8 18. d5 Qf6 19. Qxf6 Nxf6 20. d6 Ne8
21. d7 Nf6 22. Ne5 b5 23. Rd2 a5 24. Red1 Nd5 25. c4 bxc4 26. Nxc4 Rxd7 27. Nb6
Nxb6 28. Rxd7 Nxd7 29. Rxd7 a4 30. a3 g5 31. Rc7 Ra5 32. c4 Kg7 33. Kf2 Kg6 34.
Ke3 f5 35. Rb7 Kf6 36. Rb6 h5 37. g3 Ke5 38. Kd3 Ra7 39. Rc6 Rd7+ 40. Ke3 f4+
41. gxf4+ gxf4+ 42. Ke2 Kd4 43. Rxe6 Kxc4 44. Re4+ Rd4 45. Re5 Kb3 46. Rxh5 c4
47. Rh3+ c3 0-1

[Event "AUTO-MASTER-2831"]
[Site "http://www.queenalice.com/game.php?id=1581286"]
[Date "2019.8.24"]
[Round "2"]
[White "rok66"]
[Black "victorbush2"]
[Result "1-0"]
[WhiteElo "2277"]
[BlackElo "1981"]

1. d4 d5 2. Nf3 Nc6 3. e3 a6 4. c4 Nf6 5. Nc3 e6 6. Bd3 dxc4 7. Bxc4 Be7 8. O-O
O-O 9. Re1 b5 10. Bb3 Bb7 11. e4 Re8 12. d5 exd5 13. e5 Nd7 14. Nxd5 Nf8 15. Qc2
h6 16. Bd2 Ng6 17. Nxe7+ Ngxe7 18. Rad1 Ng6 19. Qxg6 Kh8 20. Qxf7 Rf8 21. Qg6
Ne7 22. Qg4 Qe8 23. Nd4 Bc8 24. Qe4 Bd7 25. Bc2 g6 26. Bxh6 1-0

[Event "AUTO-MASTER-2831"]
[Site "http://www.queenalice.com/game.php?id=1581287"]
[Date "2019.8.24"]
[Round "2"]
[White "pizzaiolo72"]
[Black "rok66"]
[Result "0-1"]
[WhiteElo "2164"]
[BlackElo "2259"]

1. e4 e5 2. Nf3 Nf6 3. Nc3 Nc6 4. d4 Bb4 5. Bg5 exd4 6. Nxd4 h6 7. Nxc6 bxc6 8.
Bxf6 Qxf6 9. Qd2 O-O 10. Bd3 d5 11. a3 Ba5 12. b4 Bb6 13. O-O Bd4 14. Nxd5 cxd5
15. Rab1 Bb7 16. exd5 Bxd5 17. c4 Bb7 18. Rbd1 Rad8 19. Qc2 Rfe8 20. Rfe1 Be5
21. Bh7+ Kh8 22. Be4 Bxe4 23. Qxe4 Rxd1 24. Rxd1 Bxh2+ 0-1

[Event "AUTO-MASTER-2831"]
[Site "http://www.queenalice.com/game.php?id=1581288"]
[Date "2019.8.24"]
[Round "2"]
[White "rok66"]
[Black "pizzaiolo72"]
[Result "1-0"]
[WhiteElo "2268"]
[BlackElo "2155"]

1. d4 d5 2. Nf3 Nf6 3. e3 e6 4. Bd3 c5 5. b3 Nc6 6. Bb2 cxd4 7. exd4 g6 8. O-O
Bg7 9. Nbd2 O-O 10. Ne5 Nxe5 11. dxe5 Nd7 12. f4 f6 13. Nf3 fxe5 14. fxe5 b6 15.
c4 dxc4 16. Bxc4 Nc5 17. Qxd8 Rxd8 18. Ng5 Rf8 19. b4 Rf5 20. Rxf5 gxf5 21. bxc5
bxc5 22. Nxe6 Bxe6 23. Bxe6+ Kf8 24. Bxf5 h6 25. Re1 Rb8 26. Ba3 Rb5 27. Re2 1-0

[Event "AUTO-MASTER-2876"]
[Site "http://www.queenalice.com/game.php?id=1583292"]
[Date "2019.9.13"]
[Round "1"]
[White "rok66"]
[Black "Rafale2000"]
[Result "1-0"]
[WhiteElo "2308"]
[BlackElo "2099"]

1. d4 Nf6 2. Nf3 c5 3. e3 g6 4. Nbd2 cxd4 5. exd4 d5 6. Bd3 Bg7 7. b3 O-O 8. O-O
Bg4 9. h3 Bd7 10. Bb2 Nc6 11. Qe2 Re8 12. a3 Rc8 13. Rac1 Qc7 14. c4 e6 15. Ne5
dxc4 16. Ndxc4 Nd5 17. f4 Bh6 18. Qg4 f5 19. Qh4 b5 20. Nd2 Bg7 21. Bxb5 Nxe5
22. Rxc7 Rxc7 23. Bxd7 Nxd7 24. Nc4 Rb8 25. Qg3 N7f6 26. Qd3 Ne4 27. b4 Bh6 28.
g3 Nxg3 29. Rc1 Bxf4 30. Rc2 Ne4 31. Ne5 Rbc8 32. Rxc7 Rxc7 33. Qe2 Bc1 34. Kh2
Ne3 35. Bxc1 Rc2 36. Qxc2 Nxc2 37. Bb2 a6 38. Nd3 Nd6 39. a4 Kf7 40. Kg3 Nc4 41.
Bc3 N2e3 42. Be1 Nb6 43. Nc5 Nc2 44. Bd2 Nxd4 45. Be1 Nc2 46. Bd2 e5 47. a5 Nd5
48. Nxa6 e4 49. b5 Na3 50. b6 Nc4 51. b7 Nxd2 52. b8=Q f4+ 53. Kg4 f3 54. Qb7+
Ne7 55. Qb6 Nf5 56. Qc7+ 1-0

[Event "AUTO-MASTER-2876"]
[Site "http://www.queenalice.com/game.php?id=1583293"]
[Date "2019.9.13"]
[Round "1"]
[White "Rafale2000"]
[Black "rok66"]
[Result "0-1"]
[WhiteElo "1991"]
[BlackElo "2283"]

1. d4 Nf6 2. c4 e6 3. Nc3 Bb4 4. a3 Bxc3+ 5. bxc3 c5 6. d5 exd5 7. cxd5 c4 8.
Bg5 h6 9. Bxf6 Qxf6 10. Qd2 d6 11. e4 b5 12. a4 Ba6 13. axb5 Bxb5 14. Nf3 Nd7
15. Nd4 Rb8 16. Nxb5 Rxb5 17. Bxc4 Rc5 18. Ra4 Nb6 19. Qb2 O-O 20. Qb3 Nxa4 0-1

[Event "AUTO-MASTER-2876"]
[Site "http://www.queenalice.com/game.php?id=1583294"]
[Date "2019.9.13"]
[Round "1"]
[White "rok66"]
[Black "Anusha"]
[Result "1-0"]
[WhiteElo "2314"]
[BlackElo "2174"]

1. d4 Nf6 2. Nf3 d6 3. Nc3 Nbd7 4. e4 e5 5. Be3 Be7 6. Bc4 O-O 7. O-O c6 8. Qd2
Qc7 9. Rad1 Ng4 10. Bg5 Ngf6 11. Nh4 Nb6 12. Bb3 Be6 13. f4 Bxb3 14. cxb3 Rad8
15. Nf5 exd4 16. Qxd4 Nc8 17. Qe3 Rfe8 18. Nxe7+ Rxe7 19. Kh1 Rde8 20. Bxf6 gxf6
21. Qg3+ Kh8 22. f5 Rg8 23. Qh4 Rg5 24. Qh6 Rg7 25. Qxf6 Re5 26. Rd3 Qe7 27.
Qxe7 1-0

[Event "AUTO-MASTER-2876"]
[Site "http://www.queenalice.com/game.php?id=1583295"]
[Date "2019.9.13"]
[Round "1"]
[White "Anusha"]
[Black "rok66"]
[Result "0-1"]
[WhiteElo "2228"]
[BlackElo "2298"]

1. d4 Nf6 2. Nf3 e6 3. Bf4 Nc6 4. e3 Be7 5. h3 a6 6. Bd3 O-O 7. Nbd2 Nb4 8. Be2
c5 9. c3 Nc6 10. O-O b5 11. Bd3 Qb6 12. Rc1 Bb7 13. Bh2 Rac8 0-1

[Event "Challenge"]
[Site "http://www.queenalice.com/game.php?id=1593246"]
[Date "2019.12.17"]
[Round "-"]
[White "rok66"]
[Black "pomar"]
[Result "1-0"]
[WhiteElo "2322"]
[BlackElo "2120"]

1. d4 e6 2. Nf3 d5 3. e3 c5 4. b3 Qb6 5. Bd3 cxd4 6. exd4 Nc6 7. Bb2 Nf6 8. O-O
Bd7 9. Nbd2 Bd6 10. a3 Ne7 11. Ne5 O-O 12. Ndf3 Ng6 13. g3 Rac8 14. Rc1 a5 15.
h4 Bb5 16. Ng5 Bxe5 17. dxe5 Bxd3 18. exf6 Bxf1 19. fxg7 f6 20. gxf8=Q+ Rxf8 21.
Bd4 Qd6 22. Nxe6 Qxe6 23. Qxf1 Ne5 24. Qe2 Qd6 25. a4 Nc6 26. Bb2 Qd7 27. Re1
Rf7 28. Qe8+ Kg7 29. Qxd7 Rxd7 30. Re6 d4 31. Kf1 Kf7 32. Re2 f5 33. f3 Kf6 34.
Kf2 h5 35. Rd2 Ke5 36. c3 Rd5 37. cxd4+ Kf6 38. Ke3 Nb4 39. Bc3 Nc6 40. g4 fxg4
41. fxg4 hxg4 42. Kf4 g3 43. Rg2 Nxd4 44. Ke4 1-0

[Event "Challenge"]
[Site "http://www.queenalice.com/game.php?id=1594184"]
[Date "2019.12.26"]
[Round "-"]
[White "pomar"]
[Black "rok66"]
[Result "0-1"]
[WhiteElo "2116"]
[BlackElo "2328"]

1. f3 Nf6 2. Kf2 e5 3. e3 d5 4. c4 d4 5. d3 Nc6 6. g3 dxe3+ 7. Bxe3 Nd4 8. Nc3
Be7 9. Nge2 c5 10. Bg2 O-O 11. Bxd4 exd4 12. Ne4 Nh5 13. Re1 f5 14. Nd2 Qc7 15.
Nb3 Bd7 16. Nexd4 Bf6 17. Ne6 Bxe6 18. Rxe6 Bxb2 19. Rb1 Qd7 20. Qe2 Bf6 21.
Nxc5 Bd4+ 22. Kf1 Bxc5 23. f4 Nf6 24. Rxb7 Qd4 25. Ke1 Rae8 26. Bd5 Rxe6 27.
Qxe6+ Kh8 28. Rc7 Qa1+ 29. Ke2 Qxa2+ 30. Kd1 Qb3+ 31. Kd2 Qb6 32. Rc6 Bb4+ 33.
Kc2 Qd8 34. Qxf5 Nxd5 35. Qxd5 Qxd5 36. cxd5 Kg8 37. Kb3 a5 38. Kc4 Rd8 39. f5
Kf7 40. g4 Rd6 41. g5 Ke7 42. Rc7+ Rd7 43. Rc6 Bd2 44. h4 Ra7 45. d6+ Kd7 46.
Rb6 a4 47. Rb2 Bf4 48. f6 gxf6 49. gxf6 Bxd6 50. Rf2 a3 51. f7 Bf8 52. Re2 Ra8
53. Kb3 a2 54. Rxa2 Rxa2 55. Kxa2 Ke7 56. Kb3 Kxf7 57. Kc4 Kg6 58. Kd5 Kh5 59.
Ke4 Kxh4 60. Kf4 h5 61. d4 Kh3 62. Kf3 h4 63. Kf2 Kh2 64. Kf1 h3 65. Kf2 Bg7 66.
d5 Bd4+ 0-1

[Event "AUTO-MASTER-2876"]
[Site "http://www.queenalice.com/game.php?id=1595546"]
[Date "2020.1.7"]
[Round "2"]
[White "rok66"]
[Black "pomar"]
[Result "1-0"]
[WhiteElo "2334"]
[BlackElo "2085"]

1. d4 e6 2. Nf3 d5 3. Nbd2 Nf6 4. e3 c5 5. b3 Qb6 6. Bb2 Nbd7 7. Bd3 c4 8. Be2
cxb3 9. cxb3 Bb4 10. O-O O-O 11. Rc1 Qa5 12. a3 Bd6 13. Ne5 Qd8 14. Bd3 h5 15.
Ndf3 Qe7 16. b4 a6 17. Ng5 Bxe5 18. dxe5 Ng4 19. Nf3 b5 20. h3 Nh6 21. Nd2 Nb6
22. Qxh5 Bb7 23. f4 Rac8 24. Nf3 Na4 25. Bd4 Rc7 26. Rxc7 Qxc7 27. Nd2 Nb6 28.
Qe2 Nc4 29. Rc1 Rc8 30. Bc2 Qe7 31. Qd3 Nf5 32. g4 Nxd4 33. Qh7+ 1-0

[Event "AUTO-MASTER-2876"]
[Site "http://www.queenalice.com/game.php?id=1595547"]
[Date "2020.1.7"]
[Round "2"]
[White "pomar"]
[Black "rok66"]
[Result "0-1"]
[WhiteElo "2079"]
[BlackElo "2339"]

1. f3 Nf6 2. Kf2 e5 3. e3 d5 4. c4 d4 5. d3 c5 6. g3 Nc6 7. Bh3 Be7 8. e4 O-O 9.
Kg2 Nh5 10. Bxc8 Rxc8 11. Nh3 g6 12. Rf1 Ng7 13. f4 f5 14. exf5 Nxf5 15. fxe5
Nxe5 16. Bf4 Ng4 17. Qxg4 Qd7 18. Qe2 Rce8 19. Na3 Bd6 20. Qd2 Bxf4 21. Rxf4
Ne3+ 22. Kg1 Qxh3 23. Rxf8+ Rxf8 24. Qe2 Ng4 25. Qg2 Qxg2+ 26. Kxg2 Rf2+ 27. Kh3
Ne5 28. Nb5 a6 29. Nd6 b6 30. b3 Nxd3 31. Ne4 Re2 32. Nf6+ Kg7 33. Nd5 b5 34.
Nc7 bxc4 35. bxc4 Nf2+ 36. Kg2 d3 37. Kf1 Ng4 38. Nxa6 Ne3+ 39. Kg1 d2 0-1